000 00861cam a22002294a 4500
001 13164153
005 20251029194934.0
008 030416s2004 paua b 001 0 eng
020 _a0781742714
020 _a9780781742719
050 0 0 _aRT81.5
_b.M235 2004
082 0 0 _a610.73072
_222
100 1 _aMacnee, Carol L.
_q(Carol Leslie)
245 1 0 _aUnderstanding nursing research :
_breading and using research in practice /
_cCarol L. Macnee.
260 _aPhiladelphia :
_bLippincott Williams & Wilkins,
_cc2004.
300 _axvi, 412 p. :
_bcol. ill. ;
_c23 cm.
650 0 _aNursing
_xResearch.
650 1 2 _aNursing Research.
856 4 2 _3Publisher description
_uhttp://www.loc.gov/catdir/enhancements/fy0712/2003047626-d.html
856 4 1 _3Table of contents only
_uhttp://www.loc.gov/catdir/enhancements/fy1012/2003047626-t.html
942 _2lcc
_cBK
_n0
999 _c7914
_d7914